| 000 | 01337nam a2200241Ia 4500 | ||
|---|---|---|---|
| 003 | OSt | ||
| 005 | 20220918111016.0 | ||
| 006 | a|||||r|||| 00| 0 | ||
| 007 | ta | ||
| 008 | 220915b |||||||| |||| 00| 0 hin d | ||
| 020 |
_a8186103198 (hbk (Set)) _c4000 |
||
| 024 | _a250394 | ||
| 037 |
_b454, 21/03/2009, Vani Prakashan _cReference Collections |
||
| 040 |
_aARTS _cARTS _bhin |
||
| 041 |
_2hin _ahin |
||
| 082 | _aV28252.M84<-D, 152P7.1-.4(RR) | ||
| 100 | _aश्यामल दास | ||
| 245 | 0 |
_aवीर विनोद मेवाड़ का इतिहास _b महाराणाओं काआदि से लेकर सन् 1884 जक का विस्तृत वृत्तान्त आनुषंगिक सामग्री सहित |
|
| 246 | _aVīr vinod mevāड़ kā itihāsa: mahārāṇāoan kāādi se lekar san 1884 jak kā vistṛut vṛuttānta ānuṣhangik sāmagrī sahita | ||
| 260 |
_aराजस्थान _bमहाराणा मेवाड़ हिस्टोरिकल पब्लिकेशन्स ट्रस्ट भारत _c2007 |
||
| 942 |
_hV28252.M84<-D, 152P7.1-.4(RR) _cREF |
||
| 999 |
_c116389 _d116389 |
||